Oblasť ranej podpory na Slovensku (retrospektívny pohľad)

Bibliographic Details
Main Author: Tuláková, Silvia (Author)
Format: Article
Language:Slovak
PhysicalDescription:Schémy
ISSN:1336-2282
Subjects:
Online Access:http://studiascientifica.ku.sk/

MARC

LEADER 00000nab a2200000 4500
001 vtls011976600
003 SK-MaSNL
005 20260426073924.0
008 200625|2019 xo |||| ||an ||00 0|slo
015 |a SNBRB2020/06 
040 |a SPKCL  |b slo  |e rda 
041 |a slo  |b eng 
043 |a e-xo- - - 
044 |a xo  |c SK 
072 7 |a 613  |x Hygiena. Ľudské zdravie  |2 konspekt 
080 |a 613.952/.953  |2 2011 
100 1 |a Tuláková, Silvia  |4 aut  |9 1339899 
245 1 0 |a Oblasť ranej podpory na Slovensku  |b (retrospektívny pohľad)  |c Silvia Tuláková 
300 |b Schémy 
336 |a text  |b txt  |2 rdacontent 
337 |a bez média  |b n  |2 rdamedia 
338 |a zväzok  |b nc  |2 rdacarrier 
504 |a Obsahuje bibliografiu 
546 |a Anglické resumé 
650 0 7 |a raná starostlivosť o dieťa  |2 SNKPH  |9 84199 
650 0 7 |a včasná intervencia  |2 SNKPH  |9 50544 
651 7 |a Slovensko  |2 SNKPH  |9 14231 
773 0 |t Studia scientifica Facultatis paedagogicae  |g Roč. 18, č. 5 (2019), s. 11-19  |x 1336-2282 
856 4 1 |u http://studiascientifica.ku.sk/ 
958 |a NB 
999 |c 2720003  |d 2721933